Every City in North Carolina - Statistics

General Stats
  • This quiz has been taken 9 times
  • The average score is 25 of 77
Answer Stats
Answer % Correct
Asheville
100%
Durham
100%
Raleigh
100%
Charlotte
89%
Wilmington
89%
Winston-Salem
89%
Greensboro
78%
Greenville
78%
Henderson
78%
Jacksonville
78%
New Bern
78%
Concord
67%
Elizabeth City
67%
Fayetteville
67%
Hickory
67%
High Point
67%
Rocky Mount
67%
Albemarle
56%
Asheboro
56%
Burlington
56%
Gastonia
56%
Hendersonville
56%
Wilson
56%
Goldsboro
44%
Kannapolis
44%
Lumberton
44%
Eden
33%
Mount Airy
33%
Roanoke Rapids
33%
Salisbury
33%
Dunn
22%
Graham
22%
Hamlet
22%
Havelock
22%
Kinston
22%
Laurinburg
22%
Lenoir
22%
Mebane
22%
Monroe
22%
Oxford
22%
Reidsville
22%
Rockingham
22%
Shelby
22%
Southport
22%
Boiling Spring Lakes
11%
Brevard
11%
Cherryville
11%
Claremont
11%
Clinton
11%
Conover
11%
Creedmoor
11%
King
11%
Kings Mountain
11%
Lexington
11%
Lincolnton
11%
Morganton
11%
Newton
11%
Randleman
11%
Roxboro
11%
Sanford
11%
Statesville
11%
Trinity
11%
Whiteville
11%
Archdale
0%
Belmont
0%
Bessemer City
0%
High Shoals
0%
Locust
0%
Lowell
0%
Marion
0%
Mount Holly
0%
Northwest
0%
Polkville
0%
Raeford
0%
Saluda
0%
Thomasville
0%
Washington
0%
No matching quizzes found
Score Distribution
Percent of People with Each Score
Percentile by Number Answered
Your Score History
You have not taken this quiz